00602cam a22001812 4500001001100000005001700011008004100028020002900069040001500098100003400113245006400147260004400211300001200255908001100267950000600278999001700284952011900301000000875520151217160116.0080529s xx 000 0 eng d a0333041410 :cKES 221.25 aKABUcKABU1 aDickens, Charles.@000015254010aOliver Twist /cCharles Dickens; adapted by Katharine Lang. aLondon :bMacmillan Educational,c1969. a107 p. a080529 @1 c14393d14393 00102lcc70aKABUbKABUd2015-12-17l1oPZ7 .D53L36 c. 1p012603r2019-09-09 00:00:00s2019-08-19w2015-12-17yCC